|
|
|
|
| LEADER |
00734nam a2200253 a 4500 |
| 001 |
adlib96000001 |
| 003 |
ViArRB |
| 005 |
20151026131820.0 |
| 008 |
960221s1955 dcuabcdjdbkoqu001 0deng d |
| 020 |
|
|
|
| 022 |
|
|
|
| 040 |
|
|
|a Adlib
|
| 082 |
|
|
|a 681.586
|
| 245 |
|
|
|a Investigations on ultrasonic transducer array systems for NDE of underwater pipelines
|
| 250 |
|
|
|
| 260 |
|
|
|a Kochi
|b Dept. of Electronics, CUSAT
|c 1996
|
| 300 |
|
|
|
| 500 |
|
|
|a Cochin University of Science and Technology
|
| 100 |
|
|
|a Sumangala, R.
|
| 700 |
|
|
|
| 942 |
|
|
|c REF
|6 _
|
| 653 |
|
|
|a Ultrasonic transducers
|
| 999 |
|
|
|c 35710
|d 35710
|
| 952 |
|
|
|0 0
|1 0
|4 0
|6 681586_SUM
|7 0
|9 47430
|a UL
|b UL
|d 2010-06-16
|o 681.586 SUM
|p G0007650
|r 2010-06-16
|w 2010-06-16
|y REF
|